000 00862cab a2200301 4500
001 ABS58996
008 090401t1998 xxu||||| |||| 00| 0 eng d
035 _a(Sirsi) u87370
041 _aeng
245 2 _aA good spring clean
260 _c1998
350 _a0
490 _aInternational Construction
_v37(6) June 1998, 33(1)
520 _aConsiders the use of laser for cleaning stone. Discusses the recent development of Lama, the result of a European research project.
650 _aCERAMICS
650 _aCONCRETE
650 _aGRANITE
650 _aLASER CLEANING
650 _aLIMESTONE
650 _aMARBLE
650 _aBUILT ENVIRONMENT-BUILDING MATERIALS-METAL
650 _aPLASTER
650 _aSANDSTONE
650 _aSTONE CLEANING
690 _aBUILT ENVIRONMENT-BUILDING MATERIALS
942 _n0
948 _c13/07/1998
999 _c55100
_d55100